ARRUPE JESUIT UNIVERSITY

CORONAVIRUS -STOP THE SPREAD - CLEAN,DISINFECT,COVER

Citizenship today : (Record no. 119951)

MARC details
000 -LEADER
fixed length control field 01175cam a2200337 a 4500
001 - CONTROL NUMBER
control field 3065946
003 - CONTROL NUMBER IDENTIFIER
control field ARRUPE
005 - DATE AND TIME OF LATEST TRANSACTION
control field 20140205125759.0
008 - FIXED-LENGTH DATA ELEMENTS--GENERAL INFORMATION
fixed length control field 960328s1996 enkc b 001 0 eng d
010 ## - LIBRARY OF CONGRESS CONTROL NUMBER
LC control number 96223097
015 ## - NATIONAL BIBLIOGRAPHY NUMBER
National bibliography number GB96-23254
020 ## - INTERNATIONAL STANDARD BOOK NUMBER
International Standard Book Number 1857284712
020 ## - INTERNATIONAL STANDARD BOOK NUMBER
International Standard Book Number 1857284720 (pbk.)
035 ## - SYSTEM CONTROL NUMBER
System control number (OCoLC)34480977
040 ## - CATALOGING SOURCE
Original cataloging agency UkCoU
Transcribing agency UkCoU
Modifying agency IDeKN
-- Uk
-- DLC
042 ## - AUTHENTICATION CODE
Authentication code lccopycat
050 00 - LIBRARY OF CONGRESS CALL NUMBER
Classification number JF801
Item number .C5737 1996
082 00 - DEWEY DECIMAL CLASSIFICATION NUMBER
Classification number 305.5
Edition number 21
300 ## - PHYSICAL DESCRIPTION
Other physical details port. ;
Dimensions 23 cm.
245 00 - TITLE STATEMENT
Title Citizenship today :
Remainder of title the contemporary relevance of T.H. Marshall /
Statement of responsibility, etc edited by Martin Bulmer, Anthony M. Rees.
260 ## - PUBLICATION, DISTRIBUTION, ETC. (IMPRINT)
Place of publication, distribution, etc London ;
-- Bristol, Pa. :
Name of publisher, distributor, etc UCL Press,
Date of publication, distribution, etc 1996.
300 ## - PHYSICAL DESCRIPTION
Extent xx, 306 p. :
504 ## - BIBLIOGRAPHY, ETC. NOTE
Bibliography, etc Includes bibliographical references (p. 285-297) and index.
600 10 - SUBJECT ADDED ENTRY--PERSONAL NAME
Personal name Marshall, T. H.
Fuller form of name (Thomas Humphrey)
9 (RLIN) 7994
650 #0 - SUBJECT ADDED ENTRY--TOPICAL TERM
Topical term or geographic name as entry element Citizenship.
9 (RLIN) 7995
650 #0 - SUBJECT ADDED ENTRY--TOPICAL TERM
Topical term or geographic name as entry element Social classes.
9 (RLIN) 7996
700 1# - ADDED ENTRY--PERSONAL NAME
Personal name Bulmer, Martin.
9 (RLIN) 7997
700 1# - ADDED ENTRY--PERSONAL NAME
Personal name Rees, Anthony M.
9 (RLIN) 7998
906 ## - LOCAL DATA ELEMENT F, LDF (RLIN)
a 7
b cbc
c copycat
d 2
e ncip
f 19
g y-gencatlg
942 ## - ADDED ENTRY ELEMENTS (KOHA)
Source of classification or shelving scheme Library of Congress Classification
Koha item type Monograph ( Printed materials)
Holdings
Withdrawn status Lost status Source of classification or shelving scheme Damaged status Not for loan Collection code Home library Current library Shelving location Date acquired Total Checkouts Full call number Barcode Date last seen Price effective from Koha item type
    Library of Congress Classification     Main Collection ARRUPE LIBRARY ARRUPE LIBRARY Main Collection 05/02/2014   JF801 .C5737 1996 46411929 21/06/2018 05/02/2014 Monograph ( Printed materials)

 

Arrupe Library. PO Box MP320 Mt Pleasant, Harare, Zimbabwe
263 242 745411|librarian@aju.ac.zw